Rolling Stones' Best Guitarists - Statistiques

Statistiques générales
  • Ce quiz a été pris 26 fois
  • Le résultat moyen est 18 sur 100
Statistiques - réponses
Rank Réponse % Correct
1 Jimi Hendrix
100%
14 David Gilmour
76%
3 Jimmy Page
71%
2 Eric Clapton
67%
65 Slash
62%
8 Eddie Van Halen
57%
11 George Harrison
57%
73 Kurt Cobain
57%
20 Carlos Santana
52%
24 Angus Young
48%
6 BB King
48%
26 Brian May
48%
4 Keith Richards
48%
44 Mark Knopfler
48%
84 Joe Perry
43%
13 Albert King
38%
15 Freddie King
38%
5 Jeff Beck
38%
55 John Lennon
38%
7 Chuck Berry
33%
17 Neil Young
33%
50 Ritchie Blackmore
33%
33 Prince
29%
12 Stevie Ray Vaughan
29%
38 The Edge
29%
72 John Frusciante
24%
58 Peter Green
24%
71 Robert Johnson
24%
52 Clarence White
19%
9 Duane Allman
19%
70 Jack White
19%
87 James Hetfield
19%
94 Peter Buck
19%
97 Steve Jones
19%
32 Billy Gibbons
14%
96 Bruce Springsteen
14%
80 Buddy Holly
14%
64 Duane Eddy
14%
30 Elmore James
14%
18 Les Paul
14%
10 Pete Townshend
14%
36 Randy Rhoads
14%
57 Rory Gallagher
14%
29 Scotty Moore
14%
99 Thurston Moore
14%
56 Albert Collins
10%
91 Dave Davies
10%
92 Dimebag Darell
10%
22 Frank Zappa
10%
35 John Lee Hooker
10%
51 Johnny Marr
10%
48 Jonny Greenwood
10%
100 Lindsey Buckingham
10%
81 Lou Reed
10%
41 Mick Ronson
10%
37 Mick Taylor
10%
49 Muddy Waters
10%
93 Paul Simon
10%
67 T-Bone Walker
10%
40 Tom Morello
10%
25 Tony Iommi
10%
85 Andy Summers
5%
88 Carl Perkins
5%
16 Derek Trucks
5%
46 Jerry Garcia
5%
54 Joe Walsh
5%
28 Johnny Ramone
5%
69 Richard Thompson
5%
59 Robbie Robertson
5%
76 Robby Krieger
5%
62 Robert Fripp
5%
95 Roger McGuinn
5%
98 Alex Lifeson
0%
27 Bo Diddley
0%
89 Bonnie Raitt
0%
23 Buddy Guy
0%
21 Chet Atkins
0%
34 Curtis Mayfield
0%
74 Dick Dale
0%
61 Dickey Betts
0%
83 Eddie Hazel
0%
43 Hubert Sumlin
0%
19 James Burton
0%
86 J Mascis
0%
78 John Fahey
0%
68 John McLaughlin
0%
63 Johnny Winter
0%
75 Joni Mitchell
0%
66 Leslie West
0%
45 Link Wray
0%
42 Mike Bloomfield
0%
79 Mike Campbell
0%
82 Nels Cline
0%
53 Otis Rush
0%
60 Ron Asheton
0%
31 Ry Cooder
0%
47 Stephen Stills
0%
39 Steve Cropper
0%
90 Tom Verlaine
0%
77 Willie Nelson
0%
Aucun quiz correspondant
Distribution des résultats
% des personnes avec chaque résultat
Percentile par nombre de réponses
Votre historique - résultats
Vous n’avez pas pris ce quiz